La política de las imágenes.
Na minha lista:
| Autor principal: | |
|---|---|
| Outros Autores: | , , , , |
| Formato: | Livro |
| Idioma: | espanhol |
| Publicado em: |
Santiago, Chile:
Metales Pesados,
2014.
|
| Assuntos: | |
| Tags: |
Adicionar Tag
Sem tags, seja o primeiro a adicionar uma tag!
|
MARC
| LEADER | 00000cam a2200000 a 4500 | ||
|---|---|---|---|
| 001 | UCD3647 | ||
| 003 | CL-VaPUC | ||
| 005 | 20250321101910.0 | ||
| 008 | 160616t20140000cl |||||||||||||||||spa|d | ||
| 999 | |c 364674 |d 364672 | ||
| 020 | |a 9789568415181 | ||
| 040 | |c Pontificia Universidad Católica de Valparaíso | ||
| 082 | 0 | 4 | |a 770.232 JAA 2014 |2 21 |
| 100 | |a Jaar, Alfredo |e autor |9 587198 | ||
| 245 | 1 | 3 | |a La política de las imágenes. |
| 260 | |a Santiago, Chile: |b Metales Pesados, |c 2014. | ||
| 300 | |a 131 páginas. | ||
| 500 | |a c.2 Instituto Arcos. 08-01-2025. | ||
| 583 | |a last modification |c 20160616 22:39:00 |k Rodrigo Vera | ||
| 600 | 0 | |9 587198 |a Jaar, Alfredo |d 1956- |e Artista visual |z Chile |x Trabajo artístico | |
| 650 | 0 | |a Expresión artística |2 CL-VaPUC |9 470734 |x Crítica e interpretación | |
| 700 | |a Didi-Huberman, Georges |e autor |9 598908 | ||
| 700 | 0 | |a Pollock, Griselda |e autor |9 587200 | |
| 700 | |a Rancière, Jacques, |d 1940- |e autor |9 557220 | ||
| 700 | 0 | |a Schweizer, Nicole |e autor |9 587201 | |
| 700 | 0 | |a Valdés, Adriana |e autor |9 587202 | |
| 942 | |c BK |2 ddc |n 0 | ||
| 945 | |d 20160616 22:39:00 |a dcastane | ||
| 952 | |0 0 |1 0 |3 erb |4 0 |6 770_232000000000000_JAA_2014 |7 0 |8 R |9 478234 |a BIBART |b BIBART |i 5292719 |l 5 |o 770.232 JAA 2014 |p 5292719 |r 2025-03-13 |s 2024-10-08 |w 2019-11-24 |y BK_R |z Catalogado en:20160616 |k ART | ||
| 952 | |0 0 |1 0 |2 ddc |4 0 |6 770_232000000000000_JAA_2014 |7 0 |9 598997 |a BIBINC |b BIBINC |c GEN |d 2025-01-08 |e Instituto Arcos |i 5663932 |o 770.232 JAA 2014 |p 5663932 |r 2025-01-08 |t 2 |w 2025-01-08 |y BK |k IFP | ||